Music Quiz

Random Music or Kpop Quiz

300 Kpop Idols Quiz Stats

 Plays Quiz not verified by Sporcle

Support Sporcle.
Go Orange.
Score 0/300 Timer 20:00
1 Play Today
Group Name Name % Correct
VICTONChan
98.8%
STRAY KIDSBang Chan
98.8%
IKONChan
98.8%
STRAY KIDSHan
97%
STRAY KIDSI.N
95%
(G)IdleSoyeon
94.6%
(G)IdleMinnie
94.1%
(G)IdleYuqi
93.3%
SEVENTEENJun
93.3%
ATEEZSan
93.3%
BLACKPINKJisoo
93.1%
GOT7Mark
93.1%
NCTTaeyong
93.1%
NCTMark
93.1%
EXOD.O
93.1%
BLACKPINKLisa
92.8%
BLACKPINKRosé
92.8%
TWICEMomo
92.8%
BLACKPINKJennie
92.6%
TWICESana
92.6%
RED VELVETIrene
92.6%
RED VELVETYeri
92.6%
TWICEMina
92.3%
RED VELVETSeulgi
92.3%
EXIDLE
92.3%
RED VELVETWendy
92.1%
SEVENTEENWoozi
91.8%
TWICETzuyu
91.8%
LOONAHyunjin
91.8%
STRAY KIDSHyunjin
91.8%
STRAY KIDSFelix
91.8%
EXOChen
91.8%
TWICEDahyun
91.6%
GOT7Jackson
91.6%
RED VELVETJoy
91.6%
GOT7BamBam
91.3%
EVERGLOW E:U
91.3%
MAMAMOOHwasa
91.3%
SEVENTEENVernon
91.1%
SEVENTEENDK
91.1%
TWICEJihyo
91.1%
TWICENayeon
91.1%
MAMAMOOSolar
91.1%
IKONDK
91.1%
SEVENTEENThe8
90.8%
WANNA ONEJinyoung
90.8%
GOT7Jay B
90.8%
GOT7Jinyoung
90.8%
(G)IdleSoojin
90.6%
NCTJohnny
90.6%
NCTTen
90.6%
NCTJaehyun
90.6%
GOLDEN CHILDJaehyun
90.6%
SF9Rowoon
90.3%
SEVENTEENDino
90.3%
TXTSoobin
90.3%
NCTTaeil
90.3%
WANNA ONEDaniel
90.1%
NCTLucas
90.1%
MAMAMOOMoonbyul
90.1%
SEVENTEENS.coups
89.9%
SEVENTEENJoshua
89.9%
SEVENTEENHoshi
89.9%
WANNA ONEJisung
89.9%
GOT7Yugyeom
89.9%
NCTJisung
89.9%
(G)IdleShuhua
89.6%
SEVENTEENMingyu
89.6%
NCTDoyoung
89.6%
MAMAMOOWheein
89.6%
TREASUREDoyoung
89.6%
TWICEChaeyoung
89.4%
SHINEEMinho
89.4%
WANNA ONEDaehwi
89.1%
AB6IXDaehwi
89.1%
ITZYLia
89.1%
SHINEETaemin
89.1%
TXTHuening Kai
88.9%
GOT7Youngjae
88.9%
ITZYYeji
88.9%
ITZYRyujin
88.9%
EXOKai
88.9%
AESPAWinter
88.6%
STRAY KIDSChangbin
88.6%
NCTWinWin
88.6%
SHINEEKey
88.6%
(G)IdleMiyeon
88.4%
SEVENTEENWonwoo
88.4%
STRAY KIDSLee Know
88.4%
NCTJaemin
88.4%
SEVENTEENJeonghan
88.1%
SEVENTEENSeungkwan
88.1%
TXTTaehyun
88.1%
NCTJeno
88.1%
GIRLS' GENERATIONTaeyeon
88.1%
MONSTA XI.M
88.1%
IKONBobby
88.1%
SHINEEOnew
88.1%
STRAY KIDSSeungmin
87.6%
NCTYuta
87.6%
Group Name Name % Correct
GOLDEN CHILDSeungmin
87.6%
F(X)Amber
87.6%
TWICEJeongyeon
87.4%
NCTChenle
87.4%
ITZYYuna
87.4%
NCTHaechan
87.1%
SHINEEJonghyun
87.1%
NCTKun
86.9%
EXOBaekhyun
86.9%
EXOChanyeol
86.9%
TXTYeonjun
86.6%
NCTHendery
86.6%
NCTYangYang
86.6%
K.A.R.DBM
86.6%
AESPAKarina
86.4%
NCTShotaro
86.4%
MONSTA X Shownu
86.4%
EXOXiumin
86.4%
EXOSehun
86.4%
THE BOYZEric
86.1%
TXTBeomgyu
86.1%
NCTXiaojun
86.1%
NCTRenjun
86.1%
EXIDHani
86.1%
MONSTA XMinhyuk
86.1%
ITZYChaeryeong
86.1%
EXOSuho
86.1%
AESPANingNing
85.9%
EXOLay
85.9%
THE BOYZKevin
85.6%
IKONJay
85.6%
ENHYPENJay
85.6%
SF9Chani
85.4%
F(X)Krystal
85.4%
OH MY GIRLJiho
85.1%
NCTJungwoo
85.1%
SUPER JUNIORHeechul
85.1%
NCTSungchan
84.2%
MONSTA XKihyun
84.2%
IZ*ONE Sakura
83.4%
ATEEZMingi
83.2%
ATEEZWooyoung
83.2%
MONSTA XHyungwon
83.2%
WANNA ONEWoojin
82.9%
AB6IXWoojin
82.9%
K.A.R.DJ.Seph
82.9%
K.A.R.DSomin
82.9%
AESPAGiselle
82.7%
GIRLS' GENERATIONTiffany
82.7%
IKONJu-ne
82.7%
SUPER JUNIORLeeteuk
82.7%
ATEEZHongjoong
82.4%
THE BOYZJacob
82.2%
K.A.R.DJiwoo
82.2%
GFRIENDSinB
81.4%
GIRLS' GENERATIONSunny
81.4%
IZ*ONE Yuri
81.2%
GIRLS' GENERATIONYuri
81.2%
GFRIENDEunha
80.9%
THE BOYZNew
80.7%
GFRIENDUmji
80.7%
SUPER JUNIORShindong
80.4%
IZ*ONE Chaeyeon
80.2%
WANNA ONEJihoon
80.2%
ATEEZSeonghwa
80.2%
TREASUREJihoon
80.2%
THE BOYZQ
79.7%
ATEEZYunho
79.7%
ATEEZJongho
79.7%
LOONAChuu
79.5%
VICTONSeungwoo
79.2%
SUPER JUNIORSiwon
79%
THE BOYZSunwoo
78.5%
OH MY GIRLYooA
78.2%
GFRIENDSowon
78.2%
GFRIENDYuju
78.2%
GIRLS' GENERATIONHyoyeon
78.2%
GIRLS' GENERATIONYoona
78.2%
F(X)Luna
78.2%
IKONSong
77.7%
F(X)Victoria
77.7%
F(X)Sulli
77.7%
GFRIENDYerin
77.2%
ATEEZYeosang
77.2%
GIRLS' GENERATIONSeohyun
76.7%
SUPER JUNIOREunhyuk
76.7%
SUPER JUNIORDonghae
76%
SF9Zuho
75.7%
LOONAOlivia Hye
75.7%
THE BOYZJuyeon
75.2%
OH MY GIRLArin
75.2%
SF9Hwiyoung
75%
LOONAKim Lip
75%
EVERGLOW Aisha
75%
VICTONHanse
74.5%
GIRLS' GENERATIONSooyoung
74.5%
WEKI MEKIDoyeon
74.3%
SUPER JUNIORYesung
74.3%
ENHYPENNi-ki
74%
EXIDSolji
73.8%
Group Name Name % Correct
IZ*ONE Wonyoung
73.5%
THE BOYZJuhaknyeon
73.5%
EVERGLOW Mia
73.5%
MONSTA XJoohoney
73.3%
SUPER JUNIORkyuhyun
73.3%
LOONAYves
73%
EVERGLOW Onda
73%
SUPER JUNIORRyeowook
72.5%
IZ*ONE Eunbi
72.3%
SF9Inseong
72%
LOONAHeejin
72%
LOONAVivi
71.5%
EVERGLOW Yiren
71.5%
IZ*ONE Nako
71.3%
WANNA ONESeongwoo
71.3%
WANNA ONEKuanlin
71.3%
THE BOYZYounghoon
71.3%
AB6IXWoong
70.8%
IZ*ONE Hitomi
70.5%
THE BOYZHyunjae
70.5%
ENHYPENJake
70.5%
VICTONByungchan
69.8%
WANNA ONEMinhyun
69.8%
THE BOYZSangyeon
69.8%
WEKI MEKIYoojung
69.6%
TREASUREHaruto
69.6%
VICTONSubin
69.3%
LOONAChoerry
69.3%
LOONAJinSoul
69.1%
EXIDJeonghwa
69.1%
IZ*ONE Yena
68.8%
IZ*ONE Chaewon
68.8%
APRILChaewon
68.8%
APRILYena
68.8%
SF9Dawon
68.1%
GOLDEN CHILDBomin
68.1%
OH MY GIRLSeunghee
67.6%
WANNA ONESungwoon
67.3%
ONEUSLeedo
67.1%
ONEUSRavn
66.8%
EVERGLOW Sihyeon
66.8%
DREAMCATCHERSuA
66.8%
IZ*ONE Yujin
66.3%
ONEUSXion
66.3%
AB6IXDonghyun
66.1%
ONEUSHwanwoong
66.1%
GOLDEN CHILDDonghyun
66.1%
DREAMCATCHERDami
66.1%
TREASUREYedam
66.1%
WANNA ONEJaehwan
65.8%
LOONAHaseul
65.6%
OH MY GIRLMimi
65.6%
VICTONSejun
65.1%
IZ*ONE Minju
65.1%
OH MY GIRLBinnie
65.1%
SF9Youngbin
64.6%
GOLDEN CHILDY
64.4%
SUPER JUNIORSungmin
63.6%
LOONAGo Won
63.4%
GOLDEN CHILDTag
63.4%
TREASUREAsahi
63.1%
IZ*ONE Hyewon
62.9%
EXIDHyerin
62.9%
DREAMCATCHERSiyeon
62.6%
TREASUREYoshi
62.4%
SF9Jaeyoon
62.1%
ONEUSKeonhee
61.9%
DREAMCATCHERJiU
61.1%
VICTONSeungsik
60.9%
APRILNaeun
60.9%
LOONAYeojin
60.4%
ONEUSSeoho
60.4%
TREASUREMashiho
60.4%
WEKI MEKILucy
60.1%
WEKI MEKILua
59.9%
ENHYPENSunoo
59.4%
OH MY GIRLHyojung
58.7%
ENHYPENSunghoon
57.9%
WEKI MEKISei
57.4%
GOLDEN CHILDDaeyeol
57.2%
DREAMCATCHERGahyeon
56.4%
DREAMCATCHERHandong
56.2%
ENHYPENJungwon
56.2%
ENHYPENHeeseung
55.4%
TREASUREHyunsuk
54.7%
GOLDEN CHILDJangjun
54.2%
TREASUREJunkyu
53.5%
DREAMCATCHERYoohyeon
53%
WEKI MEKIElly
52.7%
TREASUREJunghwan
51.7%
TREASUREJeongwoo
51.5%
GOLDEN CHILDJoochan
50.7%
WEKI MEKIRina
49.8%
TREASUREJaehyuk
48.8%
WEKI MEKISuyeon
48%
GOLDEN CHILDJibeom
48%
SF9Taeyang
43.1%
APRILRachel
42.1%
APRILJinsol
40.6%
APRILChaekyung
36.4%

You're not logged in!

Compare scores with friends on all Sporcle quizzes.
OR
Log In

From the Vault

'Not Free' Countries

by Booger

If you live in one of these countries, you shouldn't be reading this, but we're glad you are.
Remove Ads.
Support Sporcle.
Get the best of Sporcle when you Go Orange. This ad-free experience offers more features, more stats, and more fun while also helping to support Sporcle. Thank you for becoming a member.

Show Comments

Extras

Created Apr 12, 2021ReportNominate
Tags:Kpop Quiz, Kpop Idol, Kpop Quiz

Top Quizzes Today


Score Distribution

Your Account Isn't Verified!

In order to create a playlist on Sporcle, you need to verify the email address you used during registration. Go to your Sporcle Settings to finish the process.

Report this User

Report this user for behavior that violates our Community Guidelines.

Details: